[Event "83rd ESP-ch Women-ch 2018"]
[Site "Linares"]
[Date "2018.08.23"]
[Round "4"]
[White "Ucles Lirola, Moises"]
[Black "Moral Garcia, Serafin"]
[Result "0-1"]
[WhiteElo "1858"]
[BlackElo "2287"]
[Annotator "TA"]
[PlyCount "84"]
[EventDate "2018.08.09"]
[EventType "tourn"]
[EventCountry "ESP"]
[SourceTitle "playchess.com"]
[Source "ChessBase"]
[SourceQuality "1"]

{[%evp 16,84,0,-58,38,42,45,31,38,54,54,2,17,18,20,0,0,0,47,-21,36,13,22,-4,0,-45,-27,-34,-9,-46,-30,-32,-35,-66,0,-13,0,-37,0,-54,0,-69,-6,-12,-6,-7,0,-100,-95,-229,-237,-245,-246,-233,-241,-233,-227,-234,-241,-448,-424,-932,-902,-1407,-1402,-1431,-1409,-29994,-29995,-29998,-29999]} 1. Nf3 Nf6 2. d3 g6 3. e4 d6 4. g3 Bg7 5. Bg2 O-O 6. O-O c5 7. Re1 Nc6 8. c3 e5 9. d4 (9. Na3 $1 $11) 9... Bg4 {A05: Réti Opening: 1 Nf3 Nf6} (9... exd4 $15 10. cxd4 cxd4 11. Nxd4 Ng4) (9... exd4 10. cxd4 Bg4 11. dxc5 dxc5 12. Nbd2 Re8 13. h3 Bxf3 14. Qxf3 Nd7 15. Nc4 Nde5 16. Nxe5 Nxe5 17. Qe2 Nd3 18. Rd1 c4 19. Rb1 Qa5 20. b3 Nxc1 21. Rbxc1 cxb3 22. axb3 {½-½ (22) Stukopin,A (2423)-Chadaev,N (2569) Moscow 2010}) 10. d5 $14 Ne7 11. h3 Bd7 {White is slightly better.} 12. a4 $146 ({Predecessor:} 12. Kh2 Ne8 13. Bg5 f6 14. Bc1 Kh8 15. Nh4 g5 16. Nf3 Ng6 17. Na3 {0-1 (33) Belokopyt,B (2050)-Buxade Roca,G (2175) Condino 2009}) 12... Ne8 13. b4 ({White should play} 13. Nbd2 $14) 13... cxb4 $11 14. cxb4 h6 15. Ra2 f5 16. Nc3 f4 17. g4 (17. gxf4 $14 Qc8 18. Ne2) 17... g5 (17... h5 $1 $11) 18. a5 Ng6 19. Nh2 Rf7 20. f3 Bf8 21. Bf1 Rc8 22. Qb3 Rh7 23. b5 h5 24. b6 a6 (24... axb6 $15 25. axb6 Nf6) 25. Ba3 Nf6 26. Rc2 hxg4 27. hxg4 (27. fxg4 $11 Nh4 28. Na2) 27... Nh4 $15 28. Bg2 (28. Be2 $1 $11) 28... Be7 (28... Qe8 $15) 29. Nd1 $1 $11 Rxc2 30. Qxc2 Nxg2 31. Qxg2 (31. Kxg2 $11 Kf7 32. Nf1) 31... Qc8 $1 $36 {[%mdl 2048] Black is in control.} 32. Qa2 (32. Bb4 $17) 32... Rh3 $19 33. Re2 Ba4 34. Nf2 Rg3+ 35. Kh1 {intending Bb4.} Qc3 36. Bb2 Qxa5 {[#]} 37. Qa3 $2 (37. Bxe5 $1 {[%mdl 512]} Qb4 (37... dxe5 38. d6+) 38. Ba1) 37... Qb5 38. Re1 (38. Rd2 $142) 38... Qxb6 39. Re2 Bb5 ({Stronger than} 39... Nxe4 40. Qxa4 Nxf2+ {[#]} 41. Rxf2 $1 $11 {[%mdl 512]}) 40. Rc2 {[#]} Nxe4 $1 {[%mdl 512]} 41. Rc8+ (41. Nxe4 Rg1#) 41... Kf7 {[%cal Re4f2]} 42. Nh3 {[#]} Qg1+ $1 {[%mdl 512] Precision: White = 27%, Black = 46%.} 0-1

[Event "83rd ESP-ch Women-ch 2018"]
[Site "Linares"]
[Date "2018.08.24"]
[Round "5"]
[White "Salgado Lopez, Ivan"]
[Black "Cuenca Jimenez, Jose Fernando"]
[Result "0-1"]
[WhiteElo "2643"]
[BlackElo "2506"]
[Annotator "TA"]
[PlyCount "146"]
[EventDate "2018.08.09"]
[EventType "tourn"]
[EventCountry "ESP"]
[SourceTitle "playchess.com"]
[Source "ChessBase"]
[SourceQuality "1"]

{[%evp 19,146,24,32,20,26,10,16,23,39,54,59,38,43,21,27,-6,-8,3,8,-26,12,8,9,0,40,33,91,83,99,97,89,93,90,79,112,120,120,120,117,116,108,114,105,70,83,66,69,70,76,52,174,158,172,143,248,219,202,215,191,147,284,151,297,305,291,255,205,0,0,0,0,0,0,0,0,0,0,0,0,-12847,-12842,-29936,-5510,-29944,-12355,-29953,-29956,-29959,-108,-108,-108,-29968,-29969,-29969,-29970,-29969,-108,-108,-108,-108,-108,-108,-108,-108,-108,-108,-108,-108,-108,-108,-108,-108,-111,-118,-120,-121,-127,-127,-164,-201,-193,-225,-255,-262,-206,-29996,-29997,-29997,-29998]} 1. e4 e5 2. Nf3 Nc6 3. Bb5 a6 4. Ba4 Nf6 5. d3 d6 6. c3 g6 7. O-O Bg7 8. Re1 O-O 9. h3 b5 {C77: Ruy Lopez: 3...a6 4 Ba4 Nf6, unusual lines} 10. Bc2 Bb7 {LiveBook: 10 Games} 11. Be3 Nb8 {The position is equal.} 12. Nbd2 $146 ({Predecessor:} 12. b4 Nbd7 13. Nbd2 d5 14. Qb1 Nh5 15. Nb3 Rb8 16. a4 f5 17. Na5 fxe4 18. Nxb7 Rxb7 19. dxe4 Rxf3 20. gxf3 {1-0 (27) Alekseev,E (2700)-Greenfeld,A (2538) Beersheba 2013}) 12... Nbd7 13. a4 c6 14. b4 Qc7 15. Qb1 Nb6 16. a5 Nbd7 17. d4 exd4 18. cxd4 c5 19. Ra2 cxd4 20. Bxd4 Nh5 21. Bxg7 Nxg7 (21... Kxg7 {seems wilder.} 22. Bd1 Qd8 23. Qd3 Qf6 24. g3 Rac8) 22. Bb3 Ne5 (22... Rae8 $14) 23. Nxe5 $16 dxe5 24. Nf3 Qe7 25. Rc2 Rac8 26. Rxc8 $1 Rxc8 27. Qb2 Re8 28. Qd2 $1 Nh5 29. Ng5 Rf8 30. Rd1 Kg7 31. h4 $36 {[%mdl 2048] White has the initiative.} h6 32. Nxf7 Rxf7 33. Bxf7 Kxf7 34. f3 Nf4 ({Black should play} 34... Nf6 $14) 35. g3 $1 $18 {[%cal Rg3f4][%mdl 1024] White has strong compensation.} Ne6 36. Qxh6 Nd4 (36... Bc8 $16 {is a better defense.} 37. h5 gxh5) 37. Qh7+ $1 Kf6 38. Qh8+ Kf7 39. Kg2 $1 Qf6 (39... Bc6 $16 {keeps fighting.} 40. h5 gxh5) 40. Qh7+ (40. Qxf6+ $1 $18 Kxf6 41. Kf2) 40... Qg7 (40... Kf8 $16 {was necessary.} 41. Rxd4 exd4) 41. Qxg7+ Kxg7 42. Kf2 Kf6 43. Rxd4 $2 (43. Ke3 $18) 43... exd4 {[%mdl 4096] Endgame KB-KP} 44. Ke2 Ke5 45. Kd3 Bc8 $1 46. f4+ Kd6 47. Kxd4 Bg4 48. Ke3 Ke6 49. f5+ $2 {[%mdl 8192]} (49. Kd4 $11) 49... gxf5 $19 50. Kf4 Bh3 $1 51. exf5+ Bxf5 52. g4 Bc2 53. g5 Bd1 $2 (53... Bg6 54. Kg4 Ke5 55. h5 Bc2 56. g6 Kf6 57. Kf4 Bd1 58. h6 Kxg6 59. Ke3 Kxh6 60. Kf4 Kg6 61. Ke3 Kf6 62. Ke4 Bc2+ 63. Kd5 Kf5 64. Kd4 Be4 65. Kc5 Ke5 66. Kb6 Kd4 67. Kc7 Kc4 68. Kd6 Kxb4 69. Ke5 Bg2 70. Kd4 Ka3 71. Kc5 b4 72. Kb6 Bf1 73. Kc5 b3 74. Kd4 b2 75. Ke5 b1=Q 76. Kf6 Qb5 77. Ke6 Qxa5 78. Kd6 Qd2+ 79. Ke7 Qe1+ 80. Kf6 a5 81. Kf5 Bd3+ 82. Kf6 Qe4 83. Kg5 Qf5+ 84. Kh4 Qf4+ 85. Kh5 Qg3 86. Kh6 Qg6#) 54. g6 $17 Kf6 55. g7 $2 {[%mdl 8192]} (55. Ke4 $17) 55... Kxg7 {KB-K3P} 56. Ke5 Kf7 57. Kd6 Kf6 $2 (57... Bf3 $1 {mates} 58. Ke5 Ke7 59. Kf4 Bh5 60. Ke5 Bf7 61. h5 Bxh5 62. Kd5 Bf7+ 63. Ke5 Bg8 64. Kf5 Kd6 65. Ke4 Bh7+ 66. Kd4 Bf5 67. Ke3 Kd5 68. Kd2 Kc4 69. Ke3 Kxb4 70. Kd4 Bh7 71. Ke3 Kxa5 72. Kd4 Kb4 73. Ke5 Kc5 74. Kf6 b4 75. Kg7 a5 76. Kxh7 a4 77. Kg6 a3 78. Kf5 b3 79. Kg6 b2 80. Kf7 a2 81. Kf6 b1=Q 82. Ke7 a1=Q 83. Ke6 Qe4+ 84. Kd7 Qg7+ 85. Kd8 Qa8#) 58. Kc6 Ke6 59. Kb6 Kd5 60. Kxa6 Kc4 61. Kb6 {Black must now prevent a6.} Kxb4 {Hoping for ...Kc4. KB-KPP} 62. a6 Kc4 63. a7 Bf3 64. h5 {Strongly threatening h6.} b4 {( -> ...b3)} 65. h6 b3 66. h7 b2 67. h8=Q b1=Q+ 68. Kc7 Qb7+ 69. Kd6 Qb6+ ({Don't play} 69... Qxa7 70. Qf6 $17) 70. Ke7 {[#]} Qc5+ $1 (70... Qxa7+ $2 71. Kd6 $19) 71. Kf7 {[#]} Bh5+ $1 72. Kg8 $2 (72. Ke6 $19 Bg4+ 73. Kf7 Qd5+ 74. Ke7 Qd7+ 75. Kf8 Qd8+ 76. Kg7 Qd4+ 77. Kh7 Bf5+ 78. Kg8 Qd8+ 79. Kg7 Qe7+ 80. Kh6 Qe3+ 81. Kg7 Qxa7+ 82. Kf8) 72... Qd5+ 73. Kh7 Qf5+ {Precision: White = 53%, Black = 60%.} 0-1

[Event "83rd ESP-ch Women-ch 2018"]
[Site "Linares"]
[Date "2018.08.24"]
[Round "5"]
[White "Santos Latasa, Jaime"]
[Black "Montero Melendez, Rafael"]
[Result "1-0"]
[WhiteElo "2582"]
[BlackElo "2367"]
[Annotator "TA"]
[PlyCount "155"]
[EventDate "2018.08.09"]
[EventType "tourn"]
[EventCountry "ESP"]
[SourceTitle "playchess.com"]
[Source "ChessBase"]
[SourceQuality "1"]

{[%evp 25,155,19,19,19,19,19,19,19,26,15,14,16,17,10,8,13,17,3,8,0,2,0,0,0,0,0,0,0,32,24,62,7,8,6,6,0,1,0,0,0,0,0,0,0,0,0,0,0,0,0,0,0,0,0,0,0,0,0,0,0,8,8,8,8,8,8,8,8,8,8,15,8,8,8,8,8,8,8,8,8,8,8,8,8,8,0,0,0,8,0,8,8,15,8,15,15,15,4,8,0,4,0,0,0,8,8,13,10,657,653,603,592,554,421,1672,1602,1252,1171,29979,29964,29959,29965,6637,6827,29966,29970,12840,5952,5519,2622,5603,5140]} 1. d4 d5 2. c4 c6 3. Nf3 Nf6 4. e3 g6 5. Nc3 Bg7 6. Be2 O-O 7. O-O Bg4 8. cxd5 cxd5 9. Qb3 b6 10. h3 Bc8 {D94: Grünfeld: 4 Nf3 Bg7 5 e3} 11. Bd2 Nc6 12. Ne5 Bb7 13. Nxc6 Bxc6 {LiveBook: 7 Games} 14. Ba6 Qd7 15. Rfc1 (15. Rac1 Bb7 16. Bb5 Qf5 17. Ne2 Rfc8 18. Bb4 {½-½ (90) Nakamura,H (2787)-Harikrishna,P (2763) chess.com INT 2016}) 15... Bb7 16. Bb5 Qd6 $146 ({Predecessor:} 16... Qf5 17. Qa3 e5 18. Qe7 exd4 19. exd4 {½-½ (46) Dittmar,P (2284)-Kul,I (2160) Cesenatico 2015}) 17. Be2 Rfc8 18. Nb5 Qd8 19. Rxc8 Bxc8 20. Rc1 Ne8 21. a4 e6 22. Bf1 Bf8 23. Bb4 Bxb4 24. Qxb4 a5 25. Qe1 Bb7 26. b4 Nd6 27. bxa5 Nxb5 28. Bxb5 (28. axb5 $14 bxa5 29. Ra1) 28... Rxa5 $11 29. Qe2 Ra8 30. g3 Rc8 31. Rb1 (31. Rc2 {seems wilder.} Rc7 32. Kg2 Kg7 33. h4 Bc8 34. h5) 31... Bc6 32. Qb2 Bxb5 33. Qxb5 {[%mdl 4096] Endgame KQR-KQR} Rc4 34. Qa6 Qc7 35. Kg2 Kg7 36. h4 h5 37. a5 bxa5 38. Rb7 Qc8 39. Qa7 Qf8 40. Qxa5 Rc8 41. Qb6 {[#] Hoping for Qxe6.} Kg8 42. Ra7 Rb8 43. Qc7 Rc8 44. Qf4 Ra8 45. Rb7 Re8 46. Qf6 Qg7 47. Qg5 Rf8 48. Qe7 Ra8 49. Kh3 Qf8 50. Qf6 Qg7 51. Qg5 Rf8 52. Rd7 Kh7 53. f3 Qh6 54. Qe5 {[#] Threatens to win with Qxe6.} Kg8 55. g4 hxg4+ 56. fxg4 Ra8 57. Rb7 (57. g5 {is interesting.} Qg7 58. Qg3 Rc8 59. Qf3 Qf8 60. Qf6) 57... Qg7 {White must now prevent ...Qxe5.} 58. Qf4 Rf8 59. Kg3 Re8 60. Kg2 Qf8 61. Kh2 Re7 62. Rb1 Re8 63. h5 e5 64. dxe5 {And now hxg6 would win.} Qe7 65. hxg6 fxg6 66. Rb6 Qxe5 $2 {[%mdl 8192]} (66... Kg7 $11) 67. Rxg6+ $18 Kh7 68. Rg5 Qxf4+ 69. exf4 {[%cal Be3f4,Bf4f5][%mdl 32] KR-KR} Re2+ (69... Rd8 $142 70. Kg3 d4 71. Rh5+ Kg7) 70. Kg3 d4 71. Rd5 Re4 72. Rd6 Kg7 73. f5 Kf7 74. Kf3 Re3+ 75. Kf4 Rd3 76. Ke5 (76. g5 $142 Ke7 77. g6) 76... Re3+ 77. Kxd4 Rg3 78. Rg6 {Precision: White = 59%, Black = 63%.} 1-0

[Event "83rd ESP-ch Women-ch 2018"]
[Site "Linares"]
[Date "2018.08.24"]
[Round "5"]
[White "Santos Ruiz, Miguel"]
[Black "Espinosa Aranda, Angel"]
[Result "1/2-1/2"]
[WhiteElo "2517"]
[BlackElo "2451"]
[Annotator "TA"]
[PlyCount "92"]
[EventDate "2018.08.09"]
[EventType "tourn"]
[EventCountry "ESP"]
[SourceTitle "playchess.com"]
[Source "ChessBase"]
[SourceQuality "1"]

{[%evp 25,92,48,41,25,43,31,54,43,108,99,99,69,115,83,81,82,73,80,79,74,98,43,56,49,81,60,57,64,79,63,47,0,0,0,87,85,89,96,95,95,232,0,0,-27,-21,-102,-110,-101,-10,-10,-10,-10,-10,-35,-35,-35,-35,-73,-73,-73,-73,-73,-73,-73,0,-39,0,-73,0]} 1. d4 d5 2. c4 dxc4 3. Nf3 Nf6 4. e3 e6 5. Bxc4 c5 6. O-O Nc6 7. Qe2 a6 8. dxc5 Bxc5 9. a3 b5 10. Bd3 Bb7 11. b4 Be7 12. Bb2 O-O {D26: Angenommenes Damengambit} 13. Nbd2 Qb6 {LiveBook: 5 Partien} (13... Rc8 14. Rfd1 Qc7 15. Rac1 Qb8 16. Ne4 Nxe4 17. Bxe4 f5 18. Bb1 {1-0 (66) Shipov,S (2591)-Sasikiran,K (2675) playchess.com INT 2006}) 14. Rac1 Rfd8 {Weiß hat minimalen Vorteil.} 15. Nb3 $146 ({Vorgänger:} 15. Ng5 h6 16. Nge4 Nxe4 17. Nxe4 Rd5 18. Bb1 f5 19. Nc5 Bxc5 20. bxc5 Rxc5 {1-0 (41) Alvarez Ibarra,R (2391)-Tiitta,S (2193) Benasque 1999}) 15... Rac8 16. Nc5 Ba8 (16... Bxc5 $14 17. bxc5 (17. Rxc5 Ne7 $14) 17... Qc7) 17. Ng5 $1 $16 {Droht stark Lxf6.} h6 18. Nge4 Nxe4 19. Bxe4 {Schwarz muss nun Dg4 beachten.} Bf8 20. Bb1 Ne7 21. Qg4 Bd5 22. Rfd1 Qa7 23. Bd4 ({Besser ist} 23. Bd3 $16) 23... Qa8 $14 24. h4 {[%cal Bh2h4,Bh4h5][%mdl 32]} Nc6 25. Bf6 $40 {[%mdl 128] Weiss hat einigen Angriff.} Ne7 26. Bb2 Qa7 27. h5 a5 $1 28. Qe2 axb4 29. axb4 Nc6 {[#]} (29... Bc4 $11 30. Qf3 Qc7) 30. Qc2 $1 $16 {[%csl Gb1][%cal Rc2h7]} ({Viel schlechter ist} 30. Qxb5 Nxb4 31. Qxb4 Rxc5 $11) 30... f5 31. Rxd5 $1 Rxd5 32. Nxe6 Qd7 (32... Ne7 $16 33. Bc3 Qa4 34. Qxa4 bxa4) 33. Nxf8 $2 (33. Nf4 $18 Rd2 34. Qb3+ (34. Qxf5 Qxf5 35. Bxf5 Rcd8 $11) 34... Qf7 35. Qa3) 33... Kxf8 $11 34. Ba2 Ne7 35. Qxc8+ (35. Bc3 $1 $11 {hält das Gleichgewicht.}) 35... Nxc8 $17 36. Bxd5 {[#]} Qxd5 (36... Nb6 $1 $17 37. e4 Nxd5 38. exd5 Qxd5) 37. Rxc8+ $11 {[%mdl 4096] Endspiel KD-KTL} Ke7 38. Bd4 Qb3 39. Rc7+ Ke6 40. Rxg7 Qxb4 {Und weiter mit ...De1+ wäre nett.} 41. Rg6+ Kd5 {[%mdl 1024] Und ...De1+ würde nun gewinnen. Schwarz hat starke Kompensation.} 42. g3 Qb1+ 43. Kg2 Qe4+ 44. Kg1 Qb1+ 45. Kg2 Qe4+ 46. Kg1 Qb1+ {Precision: Weiß = 52%, Schwarz = 52%.} (46... Qf3 $17 47. Rxh6 f4) 1/2-1/2

[Event "83rd ESP-ch Women-ch 2018"]
[Site "Linares"]
[Date "2018.08.24"]
[Round "5"]
[White "Arizmendi Martinez, Julen Luis"]
[Black "Sanchez Jerez, Emilio Miguel"]
[Result "1-0"]
[WhiteElo "2507"]
[BlackElo "2246"]
[Annotator "TA"]
[PlyCount "59"]
[EventDate "2018.08.09"]
[EventType "tourn"]
[EventCountry "ESP"]
[SourceTitle "playchess.com"]
[Source "ChessBase"]
[SourceQuality "1"]

{[%evp 15,59,34,30,24,18,15,41,7,6,26,60,10,10,20,64,48,57,57,47,47,63,60,47,53,45,0,0,0,0,0,102,111,216,207,337,339,601,603,607,591,637,629,592,584,511,443]} 1. e4 Nc6 2. Nf3 d6 3. d4 {[%cal Bd2d4,Bd4d5][%mdl 32]} Nf6 4. Nc3 g6 5. d5 Nb8 6. h3 {B00: Queen's Fianchetto Defence, Nimzowitsch Defence} (6. Be2 Bg7 7. O-O O-O 8. Re1 c6 9. Bf4 b5 10. a3 a6 11. Qd2 Bb7 12. Rad1 Nbd7 13. dxc6 Bxc6 14. e5 dxe5 15. Nxe5 Nxe5 16. Bxe5 Qxd2 17. Rxd2 {½-½ (48) Anand,V (2782)-Carlsen,M (2837) Riadh 2017}) 6... Bg7 7. Bc4 O-O 8. O-O c6 {LiveBook: 15 Games} 9. dxc6 Nxc6 10. Re1 Na5 $146 ({Predecessor:} 10... a6 11. a4 Bd7 12. Bg5 h6 13. Bf4 Rc8 {1-0 (34) Kalegin,E (2471)-Vlasenko,M (2357) Voronezh 2011}) 11. Bb3 Nxb3 12. axb3 Bd7 13. Nd5 Re8 14. c3 h6 15. Nxf6+ exf6 16. Qxd6 Bc6 17. Qxd8 Raxd8 18. Rxa7 f5 19. e5 g5 20. Be3 Bxf3 $1 21. gxf3 {Threatens to win with f4.} Rxe5 22. Kf1 {f4 is the strong threat.} Rb5 (22... f4 $1 $11 {keeps the balance.} 23. Bd4 Rxe1+ 24. Kxe1 Bxd4 25. cxd4 b5) 23. b4 $36 {[%cal Bb3b4,Bb4a5][%mdl 2080] Black is under strong pressure.} Bf8 (23... f4 $16 {might work better.}) 24. Rea1 $18 Kg7 (24... f4 {keeps fighting.}) 25. R1a5 Rdd5 $2 {[#]} (25... Rbd5 26. Rxb7 Kg6) 26. c4 {White is clearly winning.} Rxa5 27. bxa5 ({Not} 27. Rxa5 Rd7 $16) 27... Rd1+ 28. Ke2 Ra1 29. Bd4+ Kg6 30. Bc3 {Precision: White = 75%, Black = 40%.} 1-0

[Event "83rd ESP-ch Women-ch 2018"]
[Site "Linares"]
[Date "2018.08.24"]
[Round "5"]
[White "Aroshidze, Levan"]
[Black "Moreno Ruiz, Javier"]
[Result "1-0"]
[WhiteElo "2504"]
[BlackElo "2450"]
[Annotator "TA"]
[PlyCount "89"]
[EventDate "2018.08.09"]
[EventType "tourn"]
[EventCountry "ESP"]
[SourceTitle "playchess.com"]
[Source "ChessBase"]
[SourceQuality "1"]

{[%evp 23,89,38,51,16,13,16,23,16,32,14,46,21,28,20,23,19,39,0,8,-7,46,60,56,48,98,79,98,106,110,124,177,183,245,196,191,177,195,186,225,164,951,940,955,940,939,923,993,977,1169,1166,1143,1122,1164,1118,2039,1895,1989,1935,2133,1952,2327,2458,2546,2035,29987,29988,29992,29993]} 1. e4 c5 2. Nf3 e6 3. d4 cxd4 4. Nxd4 Nf6 5. Nc3 Nc6 6. Nxc6 bxc6 7. e5 Nd5 8. Ne4 Qc7 9. f4 Qa5+ 10. c3 {[%cal Bc2c3,Bc3c4][%mdl 32]} Be7 11. Bd3 {B45: Sicilian Four Knights} Qb6 (11... f5 12. exf6 Nxf6 13. Nxf6+ Bxf6 14. O-O Ba6 15. Bxa6 Qxa6 16. Be3 Qb5 17. Rf2 d5 18. Qg4 Kf7 {1-0 (41) Grischuk,A (2763)-Andreikin,D (2715) Moscow 2012}) 12. Qe2 a5 {LiveBook: 6 Games} 13. c4 {White is slightly better.} Qb4+ 14. Kf1 f5 15. Nf2 Nc7 $1 {[#]} 16. h4 $146 ({Predecessor:} 16. g4 d5 17. exd6 Qxd6 18. Be3 c5 19. Rd1 {½-½ (19) Sax,G (2503)-Reiss,T (2403) Hungary 2009}) 16... c5 17. Rh3 Qb6 18. Bd2 Bb7 19. Bc3 a4 20. Kg1 Qc6 {[%csl Gb7][%cal Rc6g2] [#]} 21. Nd1 (21. Qf1 {keeps more tension.} Na6 22. Be2 Qc7 23. a3 O-O 24. Nd3) 21... g6 (21... O-O $11) 22. Qf2 a3 23. b3 h6 24. Be2 Rg8 25. Bd2 Na6 26. Nc3 Nc7 (26... Qb6 $16) 27. Rd1 $18 O-O-O (27... Na6 $142 28. h5 Kf8) 28. Bf3 Qa6 29. Bxb7+ Kxb7 30. Rd3 {aiming for Na4.} Qc6 31. Be3 g5 $2 {[#]} (31... d6) 32. Rd6 $1 {[%mdl 512]} Bxd6 33. Rxd6 gxf4 34. Rxc6 dxc6 35. Bxf4 Rg4 36. g3 Na6 37. Na4 Rd1+ 38. Kh2 Ra1 39. Qd2 Rg7 40. Bxh6 Rh7 41. Be3 f4 42. Bxf4 Kc8 43. Kh3 Nb4 44. Nxc5 Nxa2 45. Bg5 {Precision: White = 58%, Black = 28%.} 1-0

[Event "83rd ESP-ch Women-ch 2018"]
[Site "Linares"]
[Date "2018.08.24"]
[Round "5"]
[White "Huerga Leache, Mikel"]
[Black "Esquivias Quintero, Luis Manuel"]
[Result "1-0"]
[WhiteElo "2451"]
[BlackElo "2260"]
[Annotator "TA"]
[PlyCount "89"]
[EventDate "2018.08.09"]
[EventType "tourn"]
[EventCountry "ESP"]
[SourceTitle "playchess.com"]
[Source "ChessBase"]
[SourceQuality "1"]

{[%evp 17,89,-28,-4,-6,0,0,31,39,74,84,104,97,93,93,98,90,116,120,146,137,145,170,157,158,172,175,187,150,161,164,164,157,148,141,165,160,204,201,349,331,347,343,475,450,466,293,342,233,231,243,225,233,214,170,177,164,197,195,419,181,491,467,5302,5310,5306,5293,5093,3283,29967,5285,29977,29978,29973,29976]} 1. d4 Nf6 2. Nf3 e6 3. g3 c5 4. Bg2 cxd4 5. Nxd4 d5 6. O-O e5 7. Nb3 Nc6 {D02: 1 d4 d5 2 Nf3 sidelines, including 2...Nf6 3 g3 and 2...Nf6 3 Bf4} 8. c4 d4 9. e3 (9. Bg5 Be7 10. e3 Bg4 11. Qd2 O-O 12. exd4 exd4 13. Bxc6 bxc6 14. Qxd4 Qc8 15. Re1 Rd8 16. Qe3 {½-½ (26) Li,C (2732)-Dubov,D (2696) Liaocheng 2018}) 9... d3 {LiveBook: 3 Games. Black has an edge.} 10. Nc3 Be6 11. Nd2 Bb4 $146 ({Predecessor:} 11... Qd7 12. a3 Na5 13. b3 Bg4 14. f3 Be6 15. Bb2 a6 16. Kh1 {0-1 (30) Birjukov,S (2215)-Evdokimenko,V (2313) Anapa 2008}) 12. Qb3 {Threatens to win with Bxc6+.} Qa5 13. Nd5 $1 Rd8 {[%cal Rf6d5]} 14. Nxb4 Nxb4 15. Qc3 $1 (15. Bxb7 $6 O-O $11) 15... Qc5 16. b3 $1 ({Much weaker is} 16. Bxb7 $6 Bh3 $11) 16... Nc2 17. Rb1 Bf5 18. Bb2 ({Much less strong is} 18. Bxb7 Bh3 $14) 18... e4 19. Qe5+ $1 Qxe5 20. Bxe5 Nd7 21. Bxg7 Rg8 22. Bd4 Nxd4 23. exd4 Nf6 24. d5 {Hoping for Rbe1.} Kd7 25. Rfe1 {[%cal Rd2e4]} Rge8 26. h3 h5 27. Re3 $1 Kd6 (27... b5 {was called for.} 28. f3 bxc4) 28. f3 $18 exf3 29. Rxf3 Re5 30. Rbf1 Ne4 31. Rxd3 {aiming for Rxf5!} Ng5 32. Rd4 Bxh3 33. Bxh3 Nxh3+ 34. Kg2 Ng5 35. b4 Re2+ 36. Rf2 $1 {[%cal Rf2e2]} Rxf2+ 37. Kxf2 {[%mdl 4096] Endgame KRN-KRN} b5 $2 (37... Ke5 38. Rh4 b5 39. Rxh5 Kf6) 38. Ke3 (38. c5+ $142 Ke5 39. Ke3) 38... Ke5 $2 (38... bxc4 {is tougher.} 39. Nxc4+ Ke7) 39. c5 Rxd5 (39... f5 $142 40. d6 Rd7) 40. Nf3+ $1 Nxf3 {[#]} 41. Rxd5+ $1 Kxd5 42. Kxf3 a5 {[#]} 43. a3 $1 {[%cal Ba2a3,Ba3b4][%mdl 32]} axb4 44. axb4 Ke5 45. Kg2 {Precision: White = 79%, Black = 30%.} 1-0

[Event "83rd ESP-ch Women-ch 2018"]
[Site "Linares"]
[Date "2018.08.24"]
[Round "5"]
[White "Garriga Cazorla, Pere"]
[Black "Ayats Llobera, Gerard"]
[Result "1/2-1/2"]
[WhiteElo "2444"]
[BlackElo "2345"]
[Annotator "TA"]
[PlyCount "60"]
[EventDate "2018.08.09"]
[EventType "tourn"]
[EventCountry "ESP"]
[SourceTitle "playchess.com"]
[Source "ChessBase"]
[SourceQuality "1"]

{[%evp 21,60,33,31,28,34,34,46,41,48,25,38,52,60,22,14,8,11,0,0,0,0,0,0,0,0,0,0,0,0,0,0,0,0,0,0,0,0,0,0,0,0]} 1. Nf3 Nf6 2. c4 g6 3. b3 Bg7 4. Bb2 c5 5. g3 Nc6 6. Bg2 d6 7. d4 cxd4 8. Nxd4 Bd7 9. O-O O-O 10. Nc3 Nxd4 11. Qxd4 Bc6 {LiveBook: 107 Games} 12. Qd3 {E60: King's Indian: Unusual lines and Fianchetto Variation without Nc3} (12. Rfd1 Qa5 13. Qd2 Bxg2 14. Kxg2 Rfc8 15. f3 a6 16. g4 Kf8 17. a4 Qb4 18. Qc2 Qc5 19. a5 h5 {0-1 (52) Jobava,B (2690)-Shimanov,A (2641) chess.com INT 2018}) 12... Bxg2 13. Kxg2 Nd7 14. Rfd1 $146 {White is slightly better.} ({Predecessor:} 14. Rad1 Nc5 15. Qf3 Qb6 16. Nd5 Qd8 17. Ba3 b6 18. b4 Nd7 19. Qe4 Re8 {1-0 (36) Tica,S (2037)-Jurisic,J (1462) Split 2013}) 14... a6 15. Rac1 (15. Qd2 {seems wilder.} Rc8 16. Rac1 Nf6 17. e4 Re8 18. Qe2) 15... b5 16. cxb5 axb5 {next ...b4 is good for Black.} 17. Qxb5 Bxc3 {The position is equal.} 18. Bxc3 Rxa2 19. Bd4 Qa8+ 20. Kg1 Ne5 21. Ra1 Rxa1 22. Rxa1 Qc6 23. Qa5 Qe4 24. Bxe5 dxe5 $11 {[%mdl 4096] Endgame KQR-KQR} 25. Qc7 Qxe2 26. Qxe7 Rb8 27. Qf6 Qb2 28. Re1 Qxb3 29. Qxe5 Qb5 30. h4 Qxe5 {Precision: White = 78%, Black = 98%.} 1/2-1/2

[Event "83rd ESP-ch Women-ch 2018"]
[Site "Linares"]
[Date "2018.08.24"]
[Round "5"]
[White "Cruz Lledo, Pablo"]
[Black "Perez Candelario, Manuel"]
[Result "1/2-1/2"]
[WhiteElo "2432"]
[BlackElo "2611"]
[Annotator "TA"]
[PlyCount "64"]
[EventDate "2018.08.09"]
[EventType "tourn"]
[EventCountry "ESP"]
[SourceTitle "playchess.com"]
[Source "ChessBase"]
[SourceQuality "1"]

{[%evp 11,64,51,43,35,27,43,71,62,67,70,88,61,102,52,64,80,90,79,68,50,53,30,45,58,54,0,0,4,37,29,77,64,71,72,74,66,71,0,0,-12,-12,-12,-12,-74,-79,-71,-5,-11,-3,-10,-10,-10,-10,-10,-18]} 1. d4 d6 2. Nf3 g6 3. g3 Bg7 4. Bg2 Nd7 5. O-O e5 6. dxe5 dxe5 {LiveBook: 67 Games} 7. Qd3 {A41: 1 d4 d6: Tartakower System and Modern Defence} (7. e4 Ngf6 8. Qe2 O-O 9. b3 Re8 10. Rd1 h6 11. a4 a5 12. Ba3 b6 13. Qe3 Bb7 14. Nc3 Qb8 {1-0 (66) Petrosian,T (2625)-Guseinov,G (2646) Minsk 2015}) 7... Ngf6 8. Qa3 $146 ({Predecessor:} 8. e4 O-O 9. Rd1 Qe7 10. Bg5 h6 11. Bxf6 Nxf6 12. Nc3 c6 13. Qd6 Qxd6 14. Rxd6 Ne8 {½-½ (41) Loder,D (1652)-Webersberger,J (1917) Passau 1999}) 8... Qe7 9. Qxe7+ {White is better.} Kxe7 10. Nc3 c6 11. Rd1 Ne8 12. Nd2 f5 13. e4 f4 14. b3 g5 15. Ba3+ Kf7 16. Bh3 {[#] Nf3 is the strong threat.} Nb6 17. Bxc8 Rxc8 18. Na4 Nxa4 19. bxa4 Rc7 20. a5 Bf6 21. Nc4 Ke6 22. Bc5 a6 23. Rab1 h5 24. Nd6 (24. Ba7 $16) 24... Be7 $1 $11 25. Nxe8 Rxe8 26. Bb6 Rd7 27. c4 (27. Rxd7 $11 {remains equal.} Kxd7 28. gxf4) 27... Rxd1+ $17 28. Rxd1 f3 ({Better is} 28... g4 $17) 29. Rd3 $11 {The position is equal.} g4 30. h4 Bd6 31. c5 Be7 32. Kf1 Rc8 {Precision: White = 58%, Black = 49%.} 1/2-1/2